Unlocking the human potential for public sector performance : world public sector report 2005

Bibliographic Details
Corporate Author: The works is publ;ished for and on behalf of the United Nations
Format: Book
Published: New Delhi : Academic Foundation , 2005
Subjects:

MARC

LEADER 00000cam a2200000 7i4500
001 0000031428
005 20120223.0
008 120223
020 |a 8171885225 
090 0 0 |a 352.6   |b UNL 
245 1 0 |a Unlocking the human potential for public sector performance :   |b world public sector report 2005 
260 |a New Delhi :   |b Academic Foundation ,   |c 2005 
650 0 |a Civil service   |x personnel management 
650 0 |a Human capital 
650 0 |a Public administration 
710 1 |a The works is publ;ished for and on behalf of the United Nations 
999 |a 0001024283   |b Book   |c Adult Collection   |e Perbadanan Perpustakaan Awam Johor 
999 |a 0001024284   |b Book   |c Adult Collection   |e Perbadanan Perpustakaan Awam Johor